000 00615nam a2200205 a 4500
005 20240806064123.0
008 991125s19942001bar 000 0 spa u
020 _a8474324432
035 _aUPN01000039678
049 _aCG
050 4 _aRC504
_bN3.5 1994
100 1 _aNasio, Juan David,
_d1942-
_929736
245 1 3 _aLa mirada en psicoanálisis /
_cpor Juan David Nasio.
250 _a2a ed.
260 _aBarcelona, Esp. :
_bGedisa,
_c1994. (2001, reimp.)
300 _a182 p. :
_bil.
440 0 _aSerie freudiana.
_pPsicología.
_pPsicoanálisis lacaniano
650 4 _aPsicoanálisis
_91572
905 _aLibro
999 _c39678
_d39678